| 000 | 00354nam a22001697a 4500 | ||
|---|---|---|---|
| 003 | UA-OsUOA | ||
| 001 | 4672 | ||
| 007 | ta | ||
| 008 | 20050721b un ||||| |||| 00| 0 ukr d | ||
| 100 | _aBerkley | ||
| 700 | _aG. E. | ||
| 942 | _cBK | ||
| 040 |
_aUA-OsUOA _cUA-OsUOA _dUA-OsUOA |
||
| 245 |
_aVienna and its Jews. _bHistory |
||
| 955 | _a2 | ||
| 650 | 7 | _2UDC | |
| 999 |
_c290834 _d290834 |
||